Microeconomics / (Record no. 345)
[ view plain ]
| 000 -LEADER | |
|---|---|
| fixed length control field | 00726nam a22001937a 4500 |
| 008 - FIXED-LENGTH DATA ELEMENTS--GENERAL INFORMATION | |
| fixed length control field | 111209t xxu||||| |||| 00| 0 eng d |
| 020 ## - INTERNATIONAL STANDARD BOOK NUMBER | |
| International Standard Book Number | 007231490 |
| 050 ## - LIBRARY OF CONGRESS CALL NUMBER | |
| Classification number | HB172.S4 |
| 100 ## - MAIN ENTRY--PERSONAL NAME | |
| Personal name | Samuelson, Paul A. |
| 245 ## - TITLE STATEMENT | |
| Title | Microeconomics / |
| Statement of responsibility, etc. | Paul A. Samuelson and William D. Nordhaus |
| 250 ## - EDITION STATEMENT | |
| Edition statement | 17th ed. |
| 260 ## - PUBLICATION, DISTRIBUTION, ETC. | |
| Place of publication, distribution, etc. | Boston: |
| Name of publisher, distributor, etc. | McGraw-Hill, |
| Date of publication, distribution, etc. | c2001. |
| 300 ## - PHYSICAL DESCRIPTION | |
| Extent | xxii, 454 p.: |
| Other physical details | ill.; |
| Dimensions | 26cm. |
| 500 ## - GENERAL NOTE | |
| General note | Includes index |
| 505 ## - FORMATTED CONTENTS NOTE | |
| Formatted contents note | Contents: Basic concepts -- Microeconomics: Supply, demand, and product markets -- Factor markets: Labor, land, and capital -- Applied microeconomics: International trade, government, and the environment. |
| 650 ## - SUBJECT ADDED ENTRY--TOPICAL TERM | |
| Topical term or geographic name entry element | Microeconomics |
| 700 ## - ADDED ENTRY--PERSONAL NAME | |
| Personal name | Nordhaus, William D. |
| 942 ## - ADDED ENTRY ELEMENTS (KOHA) | |
| Source of classification or shelving scheme | Library of Congress Classification |
| Koha item type | Books |
| Withdrawn status | Lost status | Source of classification or shelving scheme | Damaged status | Not for loan | Home library | Current library | Shelving location | Date acquired | Total Checkouts | Full call number | Barcode | Date last seen | Copy number | Price effective from | Koha item type |
|---|---|---|---|---|---|---|---|---|---|---|---|---|---|---|---|
| Library of Congress Classification | WISCONSIN INTERNATIONAL UNIVERSITY COLLEGE, GHANA - MAIN LIBRARY | WISCONSIN INTERNATIONAL UNIVERSITY COLLEGE, GHANA - MAIN LIBRARY | General Stacks | 09/12/2011 | HB172.S4 | 909/11 | 09/12/2011 | 1 | 09/12/2011 | Books | |||||
| Library of Congress Classification | WISCONSIN INTERNATIONAL UNIVERSITY COLLEGE, GHANA - MAIN LIBRARY | WISCONSIN INTERNATIONAL UNIVERSITY COLLEGE, GHANA - MAIN LIBRARY | General Stacks | 09/12/2011 | HB172.S41 | 910/11 | 09/12/2011 | 2 | 09/12/2011 | Books | |||||
| Library of Congress Classification | WISCONSIN INTERNATIONAL UNIVERSITY COLLEGE, GHANA - MAIN LIBRARY | WISCONSIN INTERNATIONAL UNIVERSITY COLLEGE, GHANA - MAIN LIBRARY | General Stacks | 09/12/2011 | HB172.S42 | 911/11 | 09/12/2011 | 3 | 09/12/2011 | Books |
